000 00273nam a22001217a 4500
008 180309b xxu||||| |||| 00| 0 eng d
041 _aeng
080 _a038
100 _a23
101 _aFJA
245 _aCollege thesaurus in dictionary form
_cRoget's
942 _2udc
_cBK
999 _c44631
_d44631